000 00912nam a22001937a 4500
005 20160506112100.0
008 040330s2012 ck abd r 00010 spa d
040 _aCO-BoIAVH
_cCO-BoIAVH
041 0 _aspa
044 _ack
082 0 4 _a525.69
_bI193p1
110 2 _aInstituto de Hidrología, Meteorología y Estudios Ambientales.
_bservicio mareográfico
245 1 0 _aPronóstico de pleamares y bajamares en la Costa Caribe colombiana año 2013 /
_cInstituto de Hidrología, Meteorología y Estudios Ambientales. Servicio Mareográfico; equipo de investigación Jorge E. Soler V. y Julio César Franco B.
260 _aBogotá :
_bIDEAM,
_c2012.
300 _a169 páginas :
_bilustraciones, mapas, cuadros ;
_c24 x 16 centímetros
650 1 6 _aMareas
_y2013
_vTablas
_zCosta Caribe (Colombia)
650 2 6 _aPronóstico del tiempo
_zCosta Caribe (Colombia)
_y2013
942 _2ddc
_cLIBRO
999 _c18502
_d18502